000 02573cam a2200325 4500500
005 20260111150204.0
041 _afre
042 _adc
100 1 0 _aKreutzer, Michel
_eauthor
700 1 0 _aAugustins, Georges
_eauthor
245 0 0 _aLes appariements chez l'animal et l'humain. Satisfactions individuelles et comportements sociaux
260 _c2012.
500 _a36
520 _aRésuméLa vie sociale, chez l’Homme comme chez l’animal, est considérée comme un moyen utilisé par les individus pour obtenir des satisfactions. La reproduction, la perpétuation et le pouvoir constituent des enjeux majeurs pour la réalisation de désirs. Chez l’animal et l’humain les formes d’appariement sont analysées grâce aux théories darwiniennes de la sélection sexuelle, notamment celle des choix esthétiques. Il ressort de ces analyses que les animaux et les humains gagnent en intelligibilité lorsqu’ils sont considérés comme des êtres désirants.
520 _aMate Choices among Animals and Humans : Individual Satisfaction and Social BehaviorSocial life in man and animal is considered as a means used by individuals to gain satisfactions. The sexual reproduction, the social perpetuation and the exercise of power are all major goals. In man and animal the forms of marriage and sexual pairing are analysed through the Darwinian theory of sexual selection as it encompasses aesthetic preferences. It seems to the authors that the behaviours of man and animals are better understood if they are considered as subjects of desires.
520 _aZusammenfassungSoziales Verhalten gilt bei Mensch und Tier als Mittel zur Schaffung von Zufriedenheit. Fortpflanzung, Arterhaltung und Macht sind dabei die wichtigsten Motive. Ausgehend von der Darwin’schen Theorie der sexuellen Selektion, folgt sowohl das Tier als auch der Menschen bei der Paarbildung in erster Linie seinem ästhetischem Empfinden. Entsprechend sollten Tiere und Menschen, so die Autoren, stärker als wunschgeleitet betrachtet werden.
690 _aappariements
690 _achoix esthétiques
690 _aperpétuation
690 _areproduction
690 _asélection sexuelle
690 _aaesthetic choices
690 _adesirability
690 _amate choice
690 _aperpetuation
690 _areproduction
690 _asexual selection
786 0 _nEthnologie française | 42 | 3 | 2012-07-27 | p. 577-589 | 0046-2616
856 4 1 _uhttps://shs.cairn.info/revue-ethnologie-francaise-2012-3-page-577?lang=fr&redirect-ssocas=7080
999 _c1637179
_d1637179